00708nam a2200229 a 4500001001000000005001700010008004100027041000800068044000600076050002400082100002500106245007100131260004500202300004500247500004500292500000800337600002800345650002500373650002500398650002700423650002800450BRCA_779120190320210009.0011013s1955----u--a###f##---#001-0#eng-# aeng au 4aN7113.C3b.W48 19551 aWethey, Harold Edwin10aAlonso Canobpainter, sculptor, architectcby Harold Edwin Wethey. aNueva JerseybPrinceton Universityc1955 axiii, 227 p.bil., 167 láminasc27 cm. aIncluye breve biografía de Alonso Cano aX4614aCano, Alonsod1601-166714aArtistas españoles14aPintores españoles14aEscultores españoles14aArquitectos españoles